00763nam a2200217 a 450000100100000000500170001000800410002704000250006808200190009310000300011224500720014226000430021430000210025765000280027865000310030665000280033791000370036504900090040295201170041199900170052800002543520250723150125.0110216n200? dr 001 m spa d aDO-SdBNPbspacBNPHU aRD868.5bD569v1 aDifó, Jorge Luis95203813aLa victoria y los fracasos del amor y la vida /cJorge Luis Difó. aSanto Domingo :bSerrallés,c[200?]. a163 p. ;c22 cm. 0aProsa dominicana912146 0aLiteratura dominicana.967 0aPoesía dominicana966 aValidado. Control de calidad EMS aBNPD 0010718PDaPDbPDcHDd2011-02-16iLF1l0oRD868.5 D569vp25435-10r2020-06-25w2020-06-25yLFPDZNo se presta c24927d24927